Statistics for Countries in the 2018 Winter Olympics

Click here to take the quiz!

General Stats

  • This quiz has been taken 46 times
  • The average score is 62 of 91

Answer Stats

Country % Correct
USA
95%
Norway
92%
Great Britain
92%
Spain
90%
Canada
90%
Russia
87%
Austria
87%
Japan
87%
Sweden
87%
Brazil
87%
Germany
87%
Denmark
87%
Portugal
85%
Turkey
85%
Australia
85%
Netherlands
85%
Finland
85%
India
85%
Argentina
85%
Slovenia
82%
Iceland
82%
Slovakia
82%
Serbia
82%
Greece
82%
Poland
82%
Mexico
82%
Latvia
82%
France
82%
New Zealand
82%
Ukraine
79%
Italy
79%
Colombia
79%
Ireland
79%
Croatia
79%
Hong Kong, China
79%
People’s Republic of China
79%
Korea
79%
Switzerland
79%
Lithuania
79%
Chile
77%
Hungary
77%
Estonia
77%
Bulgaria
74%
South Africa
74%
Romania
74%
Andorra
74%
Iran
74%
Belgium
74%
Macedonia
72%
Bosnia and Herzegovina
72%
Belarus
72%
San Marino
69%
Liechtenstein
69%
Kazakhstan
69%
Kosovo
69%
Montenegro
67%
Georgia
64%
Pakistan
64%
Morocco
64%
Monaco
64%
Albania
64%
Armenia
64%
Malta
62%
Uzbekistan
62%
Israel
59%
Moldova
59%
Nigeria
59%
Azerbaijan
59%
Mongolia
59%
Ecuador
56%
Singapore
56%
Bolivia
56%
Thailand
56%
Jamaica
54%
Luxembourg
54%
Philippines
51%
Czech Republic
51%
Malaysia
49%
Kenya
49%
Lebanon
41%
Tonga
41%
Kyrgyzstan
41%
Cyprus
41%
Taiwan
36%
Ghana
33%
Madagascar
23%
Togo
21%
Timor-Leste
21%
Bermuda
15%
Eritrea
15%
Puerto Rico
13%

Score Distribution

Percentile by Number Answered

Percent of People with Each Score

Your Score History

You have not taken this quiz